000 00577cam a22002291 4500
001 sa 67007035
003 DLC
005 20260227112412.0
008 890907s1967 ii 000 0 hino
010 _asa 67007035
035 _a(OCoLC)20310730
040 _aDLC
_cWaU
_dDLC
042 _apremarc
050 0 0 _aCB19
_b.K27
100 1 _aKalelkar, Dattatraya Balakrishna,
_d1885-
245 1 0 _aSamanvaya-saṃskr̥ti kī ora.
260 _c[1967]
300 _a12, 226 p.
_c19 cm.
500 _aIn Hindi.
650 0 _aCivilization
_xPhilosophy.
650 0 _aReligion.
999 _c76308
_d76308